International Trade :An Essential Guide to the Principles and Practice of Export. (Record no. 844)

MARC details
005 - DATE AND TIME OF LATEST TRANSACTION
control field 20250320115552.0
020 ## - INTERNATIONAL STANDARD BOOK NUMBER
International Standard Book Number 978-07-7494-6237-6
082 ## - DEWEY DECIMAL CLASSIFICATION NUMBER
Classification number 382 REU
100 ## - MAIN ENTRY--PERSONAL NAME
Author name REUVID,J.
245 ## - TITLE STATEMENT
Title International Trade :An Essential Guide to the Principles and Practice of Export.
260 ## - PUBLICATION, DISTRIBUTION, ETC.
Place of publication, distribution, etc. New Delhi,
Name of publisher, distributor, etc. Koganpage,
Date of publication, distribution, etc. 2011.
300 ## - PHYSICAL DESCRIPTION
Extent xviii,389p.: Ill.;figures.
Other physical details Index.
Dimensions 23cm.
700 ## - ADDED ENTRY--PERSONAL NAME
Other authors/Editors JIM, S.
942 ## - ADDED ENTRY ELEMENTS (KOHA)
Source of classification or shelving scheme Dewey Decimal Classification
Koha item type Books
Holdings
Date last seen Total checkouts Full call number Barcode Cost, replacement price Price effective from Koha item type Lost status Source of classification or shelving scheme Damaged status Not for loan Withdrawn status Home library Current library Shelving location Date acquired Cost, normal purchase price
03/18/2025   382 REU 0000003476 126000.00 03/18/2025 Books   Dewey Decimal Classification       College of Business Education Main Library College of Business Education Main Library General Collection 03/18/2025 42000.00
03/18/2025   382 REU 0000003477 126000.00 03/18/2025 Books   Dewey Decimal Classification       College of Business Education Main Library College of Business Education Main Library General Collection 03/18/2025 42000.00
03/18/2025   382 REU 0000003478 126000.00 03/18/2025 Books   Dewey Decimal Classification       College of Business Education Main Library College of Business Education Main Library General Collection 03/18/2025 42000.00